Planeamiento de la educación sanitaria en las escuelas

Salvato in:
Dettagli Bibliografici
Autore principale: Turner, C. E (Autore)
Natura: Libro
Lingua:spagnolo
Pubblicazione: Barcelona Teide 1967
Serie:Programas y Métodos de Enseñanza
Soggetti:
Tags: Aggiungi Tag
Nessun Tag, puoi essere il primo ad aggiungerne!!

MARC

LEADER 00000nam a2200000 a 4500
001 UCZ9865
003 CL-VaPUC
008 960311e19670000SP |||||||||||||||||spa|d
082 0 4 |a 371.7  |b TUR  |2 21 
100 0 |a Turner, C. E  |e author  |9 354817 
245 1 0 |a Planeamiento de la educación sanitaria en las escuelas 
300 |a 190 p 
942 |c BK 
945 |d 19960311 00:00:00  |a paguirre 
260 |a Barcelona  |b Teide  |c 1967 
650 7 |a EDUCACION SANITARIA  |2 CL-VaPUC  |9 339099 
650 0 |a Escuelas  |9 308582 
650 0 |a Métodos de enseñanza  |9 270413 
650 0 |a Planificación de la educación   |9 307333 
583 |a last modification  |c 20130414 10:08:00  |k Rodrigo Vera 
490 0 |a Programas y Métodos de Enseñanza 
999 |c 244920  |d 244918 
952 |0 0  |1 0  |4 0  |6 371_700000000000000_TUR_1967  |7 0  |8 P  |9 259200  |a BIBEDU  |b BIBEDU  |c BIBEDU_PB  |d 2019-11-19  |i 1630849  |o 371.7 TUR 1967  |p 1630849  |r 2024-01-25  |w 2019-11-19  |y BK  |k EDU